000 00592nam a22001817a 4500
003 OSt
005 20230605033846.0
008 230605b |||||||| |||| 00| 0 eng d
020 _a978111186869
040 _aDWCL Main Library
_cOC
082 _2International edition
_a150.9
_b1
100 _aKardas, Edward P.
_929
245 _aHistory of psychology :
_bthe making of a science /
_cEdward P. Kardas
300 _axxi, 437 pages :
_billustrations (color) ;
_c21 cm.
504 _aIncludes indexes, glossary and bibliographical references.
650 0 _aPsychology.
_930
942 _2ddc
_cBK-0 CIRC
_n0
999 _c19
_d19